000 00240nam a2200085Ia 4500
245 0 _aWilliam Shakespeare's Twelfth night
100 _a Goodwin, Vincent Edina, MN, [c.2009]
942 _cBK
008 210818s9999 xx 000 0 und d
999 _c438236
_d438234